000 00799nam a22001937a 4500
999 _c16597
_d16597
003 AR-CdUCM
008 190503b ||||| |||| 00| 0 spa d
040 _aMUNICIPALIDAD PROVINCIAL DEL CUSCO
_cBIBLIOTECA MUNICIPAL DEL CUSCO
082 _a330.1 /
_bS36
100 _aSegal, Luis
_936130
245 _aPrincipios de economía política /
260 _aMontevideo :
_bPueblo unidos,
_c1945.
300 _a391 páginas ;
_c20 cm.
505 _aContenido: El desarrollo económico de la sociedad -- La producción mercantil y sus contradicciones -- El dinero -- El capital y la plusvalía -- La acumulación del capital y el empobrecimiento de la clase obrera...
650 _aEconomía política
_91408
650 _aProducción mercantil
_99071
942 _2ddc
_cLIBROS
945 _aacv
_d2019-05-03